Faculty of Law Library — Cairo University

Official Online Catalog

قانون الأنهار الدولية الجديد والمصالح العربية / (Record no. 65923)

MARC details
000 -LEADER
fixed length control field 01930nam a2200457 i 4500
003 - CONTROL NUMBER IDENTIFIER
control field EG-GICUC
005 - DATE AND TIME OF LATEST TRANSACTION
control field 20260309225120.0
008 - FIXED-LENGTH DATA ELEMENTS--GENERAL INFORMATION
fixed length control field 260309s2001 ua e|||fr|||| 000 0 ara d
017 ## - COPYRIGHT OR LEGAL DEPOSIT NUMBER
Copyright or legal deposit number 2001/4510
020 ## - INTERNATIONAL STANDARD BOOK NUMBER
International Standard Book Number 977-5042-20-8
040 ## - CATALOGING SOURCE
Original cataloging agency EG-GICUC
Language of cataloging ara
Transcribing agency EG-GICUC
Modifying agency EG-GICUC
Description conventions rda
041 0# - LANGUAGE CODE
Language code of text/sound track or separate title ara
082 04 - DEWEY DECIMAL CLASSIFICATION NUMBER
Edition number 21
Classification number 341.44
Item number ص ل . ق
092 04 - LOCALLY ASSIGNED DEWEY CALL NUMBER (OCLC)
Edition number 21
099 ## - LOCAL FREE-TEXT CALL NUMBER (OCLC)
Classification number Law1 11 2001 341.44 ص ل . ق
100 0# - MAIN ENTRY--PERSONAL NAME
Personal name صلاح الدين عامر ،
Relator term مشرف.
245 10 - TITLE STATEMENT
Title قانون الأنهار الدولية الجديد والمصالح العربية /
Statement of responsibility, etc. إشراف الدكتور صلاح الدين عامر.
264 #1 - PRODUCTION, PUBLICATION, DISTRIBUTION, MANUFACTURE, AND COPYRIGHT NOTICE
Place of production, publication, distribution, manufacture القاهرة :
Name of producer, publisher, distributor, manufacturer معهد البحوث والدراسات العربية ،
Date of production, publication, distribution, manufacture, or copyright notice ٢٠٠١ .
300 ## - PHYSICAL DESCRIPTION
Extent 511 ؛ صفحة
Other physical details يشتمل على صور وخرائط
Dimensions 24 سم
336 ## - CONTENT TYPE
Source rda content
Content type term text
337 ## - MEDIA TYPE
Source rda media
Media type term Computer
338 ## - CARRIER TYPE
Source rda carrier
Carrier type term Online Resource
504 ## - BIBLIOGRAPHY, ETC. NOTE
Bibliography, etc. note يشتمل على ارجاعات ببليوجرافية
546 ## - LANGUAGE NOTE
Language note النص باللغة العربية
650 14 - SUBJECT ADDED ENTRY--TOPICAL TERM
Topical term or geographic name entry element القانون الدولي العام
Source of heading or term qrmak
650 14 - SUBJECT ADDED ENTRY--TOPICAL TERM
Topical term or geographic name entry element القانون الدولي البحري
650 14 - SUBJECT ADDED ENTRY--TOPICAL TERM
Topical term or geographic name entry element الأنهار
651 1# - SUBJECT ADDED ENTRY--GEOGRAPHIC NAME
Source of heading or term qrmak
700 0# - ADDED ENTRY--PERSONAL NAME
Personal name أحمد الرشيدي ،
Relator term مؤلف مشارك.
700 0# - ADDED ENTRY--PERSONAL NAME
Personal name أحمد عبدالونيس شتا ،
Relator term مؤلف مشارك.
700 0# - ADDED ENTRY--PERSONAL NAME
Personal name عصام زناني ،
Relator term مؤلف مشارك.
700 0# - ADDED ENTRY--PERSONAL NAME
Personal name محمد عزيز شكرى ،
Relator term مؤلف مشارك.
700 0# - ADDED ENTRY--PERSONAL NAME
Personal name أحمد المفتي ،
Relator term مؤلف مشارك.
700 0# - ADDED ENTRY--PERSONAL NAME
Personal name محمد ولدقلي ،
Relator term مؤلف مشارك.
700 0# - ADDED ENTRY--PERSONAL NAME
Personal name طارق المجذوب ،
Relator term مؤلف مشارك.
700 0# - ADDED ENTRY--PERSONAL NAME
Personal name ماهر ملندى ،
Relator term مؤلف مشارك.
700 0# - ADDED ENTRY--PERSONAL NAME
Personal name محمد يوسف علوان ،
Relator term مؤلف مشارك.
856 40 - ELECTRONIC LOCATION AND ACCESS
Uniform Resource Identifier <a href="https://fll.law.cu.edu.eg/fulltext/bks/B11-06340.pdf">https://fll.law.cu.edu.eg/fulltext/bks/B11-06340.pdf</a>
905 ## - Cataloger and Reviser Names
Cataloger Name: A'laa Ahmed
942 ## - ADDED ENTRY ELEMENTS (KOHA)
Source of classification or shelving scheme Dewey Decimal Classification
Koha item type Books
Edition 21
Suppress in OPAC No
Holdings
Withdrawn status Lost status Source of classification or shelving scheme Damaged status Not for loan Collection Home library Current library Date acquired Total checkouts Full call number Barcode Date last seen Copy number Price effective from Koha item type Source of acquisition
    Dewey Decimal Classification   Not for loan القانون الدولي العام جــــامعة القــاهرة مكتبة كلية الحقوق - المبنى الرئيسي 10.03.2026   Law1 11 2001 1106340 341.44 ص ل . ق C1 B11-06340 09.03.2026 1 09.03.2026 Books  
    Dewey Decimal Classification     القانون الدولي العام جــــامعة القــاهرة مكتبة كلية الحقوق - المبنى الرئيسي 20.04.2026   Law1 11 341.44 ص ل . ق 2001 1110113 C2 B11-10113 20.04.2026 2 20.04.2026 Books إهداء مكتبة الأستاذ الدكتور صلاح عامر

© All rights reserved — Faculty of Law, Cairo University